000 00661nam a22002177a 4500
005 20260220113242.0
008 260203b |||||||| |||| 00| 0 eng d
020 _a978-93-7033-013-9
_cRs.2650.00
040 _aLoreto College
041 _aEnglish
082 _a954.14
_bCHA
100 _aChaudhuri,Binay Bhushan
245 _aThe hidden string
_bAgrarian economy of colonial Bengal and its institutional framework
_cBinay Bhushan Chaudhuri
260 _aDelhi
_bPrimus Books
_c2025
300 _a911p.;24cm.
504 _aIncludes index
650 _aHistory
650 _aColonial Bengal
850 _aLCLIB
942 _cBK
999 _c44225
_d94704